Statistics for Animals with Four-Syllable Names

Click here to take the quiz!

General Stats

  • This quiz has been taken 518 times
  • The average score is 6 of 11

Answer Stats

HintAnswer% Correct
Pre-ButterflyCaterpillar
87%
Large Orange ApeOrangutan
77%
Hairy SpiderTarantula
76%
Cousin of the AboveAlligator
71%
Steve Irwin's SpecialtyCrocodile
71%
Ball of ArmorArmadillo
66%
Largest RodentCapybara
45%
Second Largest Land Mammal - Pointy NoseRhinoceros
37%
Lizard-Like AmphibianSalamander
30%
Long-Necked DinosaurBrontosaurus
24%
Scary Fish or a Song by HeartBarracuda
22%

Score Distribution

Percentile by Number Answered

Percent of People with Each Score

Your Score History

You have not taken this quiz